Нитроклетчатка и бездымный порох. Сборник 3 (Запись № 13608848)
[ простой вид ]
| 000 -МАРКЕР | |
|---|---|
| контрольное поле | 01268nam2a2200253 4500 |
| 001 - ИДЕНТИФИКАТОР ЗАПИСИ | |
| контрольное поле | rc\2976158 |
| 005 - ИДЕНТИФИКАТОР ВЕРСИИ | |
| контрольное поле | 20260315061938.0 |
| 035 ## - ДРУГИЕ СИСТЕМНЫЕ НОМЕРА | |
| Идентификатор записи | (NLR Aleph) 007121827 |
| 100 ## - ДАННЫЕ ОБЩЕЙ ОБРАБОТКИ | |
| Данные общей обработки | 20110909d1933 u y0rusy50 ca |
| 101 0# - ЯЗЫК РЕСУРСА | |
| Язык текста, звукозаписи и т.д. | русский |
| 102 ## - СТРАНА ПУБЛИКАЦИИ ИЛИ ПРОИЗВОДСТВА | |
| Страна публикации | Российская Федерация |
| 105 ## - ПОЛЕ КОДИРОВАННЫХ ДАННЫХ: ТЕКСТОВЫЕ МАТЕРИАЛЫ, МОНОГРАФИЧЕСКИЕ | |
| Кодированные данные о монографическом текстовом документе | a z ||||| |
| 200 0# - ЗАГЛАВИЕ И СВЕДЕНИЯ ОБ ОТВЕТСТВЕННОСТИ | |
| Основное заглавие | Сборник 3 |
| 210 ## - ПУБЛИКАЦИЯ, РАСПРОСТРАНЕНИЕ И ДР. | |
| Дата издания, распространения и т.д. | 1933 |
| 215 ## - ФИЗИЧЕСКАЯ ХАРАКТЕРИСТИКА | |
| Специфическое обозначение материала и объем | Обл., 94 с., 2 с. объявл. |
| Другие сведения о физической характеристике | ил. |
| Размеры | 20х13 см |
| 225 1# - СЕРИЯ | |
| Основное заглавие серии | Иностранную технику на службу социалистическому строительству |
| Сведения об ответственности | Воен-хим. трест |
| Обозначение тома | Вып. 39 |
| Основное заглавие серии | Сборники переводных статей |
| 320 ## - ПРИМЕЧАНИЯ О НАЛИЧИИ В ДОКУМЕНТЕ БИБЛИОГРАФИИ / УКАЗАТЕЛЯ | |
| Текст примечания | Библиогр.: "Цитируемая лит." в конце отд. статей |
| 461 #0 - УРОВЕНЬ НАБОРА | |
| Встроенное поле | 001rc\2976154 |
| -- | 2001#$aНитроклетчатка и бездымный порох$eСборник 1-$fПод ред. Н.С. Пужая$gОбщ. ред. Н.Н. Ушакова$vСборник 3 |
| Системный номер (АБИС) связанной записи | 6870576 |
| Место публикации | Москва |
| Дата публикации | 1933 |
| Первые сведения об ответственности | Под ред. Н.С. Пужая |
| Имя издателя, распространителя и т.д. | Химтехиздат |
| Сведения, относящиеся к заглавию | Сборник 1- |
| Заглавие | Нитроклетчатка и бездымный порох |
| Номер тома | Сборник 3 |
| 801 #0 - ИСТОЧНИК ЗАПИСИ | |
| Страна | Российская Федерация |
| Организация | NLR |
| Правила каталогизации | psbo |
| 801 #1 - ИСТОЧНИК ЗАПИСИ | |
| Страна | Российская Федерация |
| Организация | ELAR |
| Источник данных | rusmarc |
| 852 ## - МЕСТОНАХОЖДЕНИЕ И ШИФР ХРАНЕНИЯ | |
| Идентификатор организации | NLR |
| Шифр хранения (Call Number) | 33-17/137(3) |
| 942 ## - ДОПОЛНИТЕЛЬНЫЕ ЭЛЕМЕНТЫ ЗАПИСИ (АБИС) | |
| Тип экземпляра АБИС | Неопределено |
| 980 ## - КОЛЛЕКЦИЯ | |
| Название коллекции | Национальная библиография |
Нет доступных экземпляров.